|
|
|
|
| LEADER |
00695cam a2200181 7i4500 |
| 001 |
0000043567 |
| 005 |
20050525090000.0 |
| 020 |
# |
0 |
|a 1591404096
|
| 090 |
0 |
0 |
|a LB 1032
|b C736
|
| 245 |
0 |
0 |
|a Computer-supported collaborative learning in higher education
|c Tim S. Roberts, [editor].
|
| 260 |
# |
# |
|a Hershey, PA:
|b Idea Group Pub.,
|c 2005.
|
| 300 |
# |
# |
|a xi, 322 p.:
|b ill.;
|c 27 cm..
|
| 650 |
0 |
0 |
|a Education, Higher --
|x Effect of technological innovations on
|
| 650 |
0 |
0 |
|a Education, Higher --
|x Computer-assisted instruction
|
| 650 |
0 |
0 |
|a Group work in education
|
| 700 |
1 |
1 |
|a Roberts,
|h Tim S.
|
| 999 |
|
|
|a 1100032715
|b Book
|c Open Shelf
|e KOLEKSI TERBUKA
|
| 999 |
|
|
|a 1100047911
|b Book
|c Open Shelf
|e KOLEKSI TERBUKA
|